MARC

LEADER 00000nam0a2200000 4500
001 113065
005 20231031121716.0
020 |a RU  |b 87-7988 
035 |a (RuTPU)RU\TPU\book\122289 
090 |a 113065 
100 |a 20070405d1987 km y0rusy5003 ca 
101 0 |a rus 
102 |a RU 
105 |a a z 001zy 
200 1 |a Кольцевые структуры континентов Земли  |f В. Н. Брюханов [и др.] 
210 |a Москва  |c Недра  |d 1987 
215 |a 184,[2] с.  |c ил. 
300 |a Авт. указаны на обороте тит. л. 
320 |a Библиогр.: с. 184-185 (46 назв.). 
610 1 |a кольцевые структуры 
610 1 |a геология 
610 1 |a Земля 
610 1 |a строение 
610 1 |a генетические типы 
610 1 |a нуклеары 
610 1 |a Евразия 
610 1 |a Африка 
610 1 |a Америка 
610 1 |a Австралия 
675 |a 551.243.13  |z rus 
701 1 |a Брюханов  |b В. Н.  |g Владимир Николаевич 
701 1 |a Буш  |b В. А.  |g Вильям Артурович 
701 1 |a Глуховский  |b М. З.  |g Марат Зиновьевич 
701 1 |a Зверев  |b А. Т. 
801 0 |a RU  |b RuMRKP  |c 19950417  |g psbo 
801 1 |a RU  |b 63413507  |c 20070405  |g PSBO 
801 2 |a RU  |b 63413507  |c 20080917  |g PSBO 
942 |c BK